| 000 | 01064cam a2200253 4500 | ||
|---|---|---|---|
| 001 | J122758 | ||
| 008 | 030626n2003 000 0 eng u | ||
| 035 | _a(Sirsi) u122758 | ||
| 041 | _aENG | ||
| 050 |
_a639.9 _c18 |
||
| 100 | _aFrost, Alan | ||
| 245 | 4 |
_aThe impacts of agricultural environmental management _bcase studies from theory to practice |
|
| 260 |
_aStirling _bSEPA _c2003 |
||
| 520 | _aPresents the finding of a study into environmental protection and improvement. The project included a cost benefit analysis and examined how existing payments to farmers can contribute to environmental degradation. View at www.sepa.org.uk. | ||
| 650 | _aAGRICULTURAL LAND MANAGEMENT | ||
| 650 | _aENVIRONMENTAL MANAGEMENT | ||
| 650 | _aSCOTLAND | ||
| 690 |
_aEnvironment _96238 |
||
| 700 | _aStewart, Sandra | ||
| 700 | _aKerr, David | ||
| 700 | _aMacDonald, Janette | ||
| 856 |
_uhttps://www.sepa.org.uk/science_and_research/data_and_reports/scientific_and_technical/impactsagrienviromanage.aspx _vView the report on the SEPA website. |
||
| 942 | _n0 | ||
| 999 |
_c102922 _d102922 |
||